[Event "European Hybrid Qual 2021"]
[Site "Tornelo INT"]
[Date "2021.05.26"]
[Round "2.1"]
[White "Brunello, Sabino"]
[Black "Indjic, Aleksandar"]
[Result "0-1"]
[WhiteTitle "GM"]
[BlackTitle "GM"]
[WhiteElo "2519"]
[BlackElo "2607"]
[WhiteFideId "813613"]
[BlackFideId "911925"]
[EventDate "2021.05.24"]
[EventType "k.o."]

1. d4 Nf6 2. c4 e6 3. Nf3 a6 4. Nc3 d5 5. Bg5 dxc4 6. a4 Nc6 7. e3 Na5 8. Ne5 c5
9. Bxc4 Be7 10. O-O Nd7 11. Bxe6 Nxe5 12. Bxe7 Qxe7 13. Bxc8 Rxc8 14. Nd5 Qd6
15. dxe5 Qxe5 16. f4 Qd6 17. e4 Rd8 18. f5 Nc6 19. f6 g6 20. Qb3 Rd7 21. Rad1
Nd4 22. Qd3 a5 23. Kh1 h5 24. Ne7 h4 25. Qc4 h3 26. Rd2 Qe5 27. Nd5 Qxe4 28. Nb6
Rc7 29. Qc1 Rc6 30. Nc4 Re6 31. Qd1 Qd5 32. b3 hxg2+ 33. Rxg2 Re2 0-1

[Event "European Hybrid Qual 2021"]
[Site "Tornelo INT"]
[Date "2021.05.27"]
[Round "2.2"]
[White "Indjic, Aleksandar"]
[Black "Brunello, Sabino"]
[Result "1-0"]
[WhiteTitle "GM"]
[BlackTitle "GM"]
[WhiteElo "2607"]
[BlackElo "2519"]
[WhiteFideId "911925"]
[BlackFideId "813613"]
[EventDate "2021.05.24"]
[EventType "k.o."]

1. d4 d5 2. c4 e6 3. Nc3 c6 4. Qb3 dxc4 5. Qxc4 b5 6. Qd3 Nd7 7. Nf3 Ngf6 8. g4
Nxg4 9. Bf4 Ngf6 10. e4 a6 11. O-O-O Bb7 12. Bh3 Be7 13. Rhg1 Nf8 14. Be3 Ng6
15. Ng5 e5 16. Qc2 Qc7 17. Be6 O-O 18. dxe5 Qxe5 19. f4 Nxf4 20. Bd4 Qxg5 21.
Bxf7+ Rxf7 22. Rxg5 Ne6 23. Bxf6 Nxg5 24. Bxe7 Rxe7 25. h4 Nf7 26. Ne2 c5 27.
Ng3 Rae8 28. b3 c4 29. bxc4 Rc7 30. c5 Re5 31. Kb1 Rexc5 32. Qf2 h5 33. Qf4 g6
34. Rg1 Kh7 35. Ka1 Bc8 36. Ne2 Bg4 37. Nd4 Ne5 38. Nb3 Nd3 39. Qd6 Rd7 40. Qxa6
Re5 41. Qa8 b4 42. Rf1 Be6 43. Nd2 b3 44. axb3 1-0

[Event "European Hybrid Qual 2021"]
[Site "Tornelo INT"]
[Date "2021.05.26"]
[Round "2.1"]
[White "Lupulescu, Constantin"]
[Black "Pantsulaia, Levan"]
[Result "1/2-1/2"]
[WhiteTitle "GM"]
[BlackTitle "GM"]
[WhiteElo "2656"]
[BlackElo "2553"]
[WhiteFideId "1207822"]
[BlackFideId "13602071"]
[EventDate "2021.05.24"]
[EventType "k.o."]

1. d4 Nf6 2. c4 c5 3. d5 e6 4. Nc3 exd5 5. cxd5 d6 6. e4 g6 7. f4 Bg7 8. Bb5+
Nfd7 9. a4 Na6 10. Nf3 Nb4 11. O-O a6 12. Bxd7+ Bxd7 13. f5 O-O 14. Bg5 f6 15.
Bf4 gxf5 16. Bxd6 Re8 17. Nd2 fxe4 18. Ncxe4 Nxd5 19. Bxc5 Bc6 20. Qb3 Kh8 21.
Rf2 Qd7 22. Ng3 Re6 23. Nf5 Rae8 24. Nf1 Re2 25. Qg3 R8e5 26. Nd4 Rxf2 27. Qxf2
Bxa4 28. b3 Bc6 29. Ng3 Bh6 30. Nxc6 Qxc6 31. Rd1 Bg5 32. Bd4 Ne3 33. Rb1 Ng4
34. Qf3 Qxf3 35. gxf3 Be3+ 36. Kg2 Bxd4 37. fxg4 Rb5 38. Rd1 Be5 39. Nf5 Kg8 40.
Rd8+ Kf7 41. Rd7+ Ke6 42. Rxh7 Rxb3 43. h4 Kd5 44. h5 Ke4 45. h6 Rb2+ 46. Kf1 a5
47. Re7 Rb1+ 48. Kg2 Rb2+ 49. Kf1 Rb1+ 50. Kg2 Rb2+ 51. Kf1 1/2-1/2

[Event "European Hybrid Qual 2021"]
[Site "Tornelo INT"]
[Date "2021.05.27"]
[Round "2.2"]
[White "Pantsulaia, Levan"]
[Black "Lupulescu, Constantin"]
[Result "0-1"]
[WhiteTitle "GM"]
[BlackTitle "GM"]
[WhiteElo "2553"]
[BlackElo "2656"]
[WhiteFideId "13602071"]
[BlackFideId "1207822"]
[EventDate "2021.05.24"]
[EventType "k.o."]

1. Nf3 d5 2. c4 e6 3. g3 d4 4. Bg2 c5 5. e3 Nc6 6. exd4 cxd4 7. O-O Nf6 8. d3
Bd6 9. Na3 O-O 10. Re1 h6 11. Rb1 Re8 12. Nc2 a5 13. a3 e5 14. b4 Qc7 15. b5 Nb8
16. Nfxd4 exd4 17. Rxe8+ Nxe8 18. Nxd4 Nf6 19. h3 Nbd7 20. Nf5 Nc5 21. Ne3 a4
22. Bb2 Be7 23. d4 Nb3 24. c5 Bd7 25. b6 Qc8 26. g4 Bc6 27. Nf5 Bf8 28. d5 Bd7
29. Nxh6+ gxh6 30. c6 Bg7 31. cxd7 Qxd7 32. d6 Rd8 33. Qd3 Qxd6 34. Qb5 Qd3 35.
Qxd3 Rxd3 36. Bxb7 Rd6 37. Bxf6 Bxf6 38. Bc8 Rxb6 39. Bd7 Ra6 40. Bxa4 Rxa4 41.
Rxb3 Be7 42. Kg2 Bxa3 43. Rb5 Be7 44. Rf5 Bg5 45. Kg3 Kg7 46. h4 Be7 47. h5 Ra3+
48. Kg2 Ra6 49. Kg3 Bd6+ 50. Kg2 Ra4 51. Rd5 Bf4 52. Rf5 Rc4 53. Kh3 Bc7 54. Rf3
Rf4 55. Rc3 Be5 56. Rc5 Bd4 57. Rc4 Rf3+ 58. Kg2 Rxf2+ 0-1

[Event "European Hybrid Qual 2021"]
[Site "Tornelo INT"]
[Date "2021.05.26"]
[Round "2.1"]
[White "Stoyanov, Tsvetan"]
[Black "Heberla, Bartlomiej"]
[Result "0-1"]
[WhiteTitle "FM"]
[BlackTitle "GM"]
[WhiteElo "2376"]
[BlackElo "2556"]
[WhiteFideId "2917173"]
[BlackFideId "1115120"]
[EventDate "2021.05.24"]
[EventType "k.o."]

1. e4 c6 2. d4 d5 3. Nc3 dxe4 4. Nxe4 Nf6 5. Nxf6+ exf6 6. c3 Bd6 7. Bd3 O-O 8.
Qc2 Re8+ 9. Ne2 Kh8 10. Be3 Nd7 11. O-O-O Nf8 12. Kb1 Be6 13. c4 Rc8 14. Nc3 Bb4
15. Ne4 Be7 16. h4 b5 17. h5 bxc4 18. Bxc4 h6 19. Bxe6 Nxe6 20. Qc4 f5 21. Nc3
f4 22. Bc1 Bf6 23. Rhe1 Qa5 24. Ne4 Qf5 25. Ka1 Be7 26. Nc3 Qxh5 27. d5 cxd5 28.
Qxd5 Qxd5 29. Nxd5 Bh4 30. Bxf4 Nxf4 31. Rxe8+ Rxe8 32. Nxf4 Bxf2 33. Nd3 Re2
34. a4 Bb6 35. b4 Rxg2 36. Ne5 Rg1 37. Rxg1 Bxg1 38. Nxf7+ Kg8 39. Nd6 h5 40.
Kb2 h4 41. Ne4 Kf7 42. Kc2 Kg6 43. Kd3 Kf5 44. b5 Kf4 45. a5 h3 46. b6 axb6 47.
a6 b5 0-1

[Event "European Hybrid Qual 2021"]
[Site "Tornelo INT"]
[Date "2021.05.27"]
[Round "2.2"]
[White "Heberla, Bartlomiej"]
[Black "Stoyanov, Tsvetan"]
[Result "1/2-1/2"]
[WhiteTitle "GM"]
[BlackTitle "FM"]
[WhiteElo "2556"]
[BlackElo "2376"]
[WhiteFideId "1115120"]
[BlackFideId "2917173"]
[EventDate "2021.05.24"]
[EventType "k.o."]

1. d4 c5 2. d5 Nf6 3. Nc3 d6 4. e4 g6 5. Nf3 Bg7 6. Be2 O-O 7. O-O e6 8. dxe6
Bxe6 9. Bf4 d5 10. exd5 Nxd5 11. Nxd5 Bxd5 12. c3 Nc6 13. Be3 b6 14. Qa4 Qe8 15.
Rfd1 Ne7 16. Qxe8 Rfxe8 17. Bb5 Bc6 18. Bxc6 Nxc6 19. Rd7 h6 20. Rad1 g5 21. Rc7
Re6 22. g4 Rf8 23. Rd5 a6 24. Kg2 Ne7 25. Rdd7 Ng6 26. h3 a5 27. Ra7 Bf6 28. Kf1
Kg7 29. Rab7 Be7 30. Rd5 Ra8 31. a4 Bf6 32. Rdd7 Rf8 33. Kg2 Be7 34. Rd5 Bf6 35.
Rdd7 Be5 36. Nd2 Bf4 37. Nc4 Bxe3 38. Nxe3 Nf4+ 39. Kg3 Kg6 40. h4 h5 41. hxg5
Kxg5 42. Rxf7 h4+ 43. Kf3 Rxf7 44. Rxf7 Nd3 45. Rf5+ Kg6 46. Rh5 Nxb2 47. Nd5
Rd6 48. Ke4 Re6+ 49. Kf3 Rd6 50. Ke4 Nxa4 51. f4 Re6+ 52. Kf3 Re1 53. f5+ Kg7
54. g5 Rf1+ 55. Ke4 Re1+ 56. Kf4 Rf1+ 57. Ke4 Re1+ 58. Kf4 Rf1+ 59. Ke4 1/2-1/2

[Event "European Hybrid Qual 2021"]
[Site "Tornelo INT"]
[Date "2021.05.26"]
[Round "2.1"]
[White "Haria, Ravi"]
[Black "Inarkiev, Ernesto"]
[Result "0-1"]
[WhiteTitle "IM"]
[BlackTitle "GM"]
[WhiteElo "2440"]
[BlackElo "2654"]
[WhiteFideId "415820"]
[BlackFideId "4162722"]
[EventDate "2021.05.24"]
[EventType "k.o."]

1. e4 e5 2. Nf3 Nc6 3. Nc3 Nf6 4. d4 exd4 5. Nxd4 Bb4 6. Nxc6 bxc6 7. Bd3 d5 8.
exd5 O-O 9. O-O cxd5 10. h3 Re8 11. Qf3 c6 12. Bf4 Be6 13. a3 Bd6 14. Rfe1 Qc7
15. Bxd6 Qxd6 16. Ne2 c5 17. Nf4 c4 18. Bf1 Bf5 19. c3 Be4 20. Qg3 Reb8 21. Rad1
Qc5 22. Rd2 Rb6 23. Qe3 Qxe3 24. Rxe3 Rab8 25. f3 g5 26. Nh5 Nxh5 27. fxe4 dxe4
28. Rxe4 Rxb2 29. Rxb2 Rxb2 30. Rxc4 Rb7 31. Kf2 Nf6 32. Rb4 Rc7 33. c4 Ne4+ 34.
Ke3 Nc5 35. Kd4 Kf8 36. Rb5 Ne6+ 37. Kc3 h6 38. Bd3 Nf4 39. Be4 Re7 40. Bf3 Re3+
41. Kb4 Nd3+ 42. Ka5 Ne1 43. Rb8+ Ke7 44. c5 Nxf3 45. Rb7+ Ke6 46. gxf3 Rxa3+
47. Kb4 Rxf3 48. Rxa7 Rxh3 49. Ra6+ Ke5 50. Ra1 Rh2 51. Re1+ Kf4 52. Rf1+ Kg3
53. Rxf7 h5 54. Rf5 Kg4 55. Rd5 Rb2+ 56. Kc3 Rb7 57. Kd4 h4 58. Ke5 h3 59. Rd4+
Kg3 60. Rd3+ Kh4 61. Rd4+ g4 62. c6 Rb8 63. c7 Rc8 64. Kf5 h2 65. Rd7 Kh3 0-1

[Event "European Hybrid Qual 2021"]
[Site "Tornelo INT"]
[Date "2021.05.27"]
[Round "2.2"]
[White "Inarkiev, Ernesto"]
[Black "Haria, Ravi"]
[Result "1-0"]
[WhiteTitle "GM"]
[BlackTitle "IM"]
[WhiteElo "2654"]
[BlackElo "2440"]
[WhiteFideId "4162722"]
[BlackFideId "415820"]
[EventDate "2021.05.24"]
[EventType "k.o."]

1. d4 e6 2. c4 b6 3. a3 Bb7 4. Nc3 f5 5. d5 Nf6 6. g3 Bd6 7. Bg2 O-O 8. Nf3 Qe7
9. O-O Na6 10. Nd4 Nc5 11. Ncb5 Nce4 12. Qc2 a6 13. Nxd6 Nxd6 14. Rd1 exd5 15.
Bf4 Rac8 16. cxd5 Nfe4 17. f3 Nf6 18. Bxd6 cxd6 19. Nxf5 Qe5 20. Qd3 g6 21. Ne3
b5 22. Rd2 Rc5 23. f4 Qh5 24. Bf3 Qh3 25. Qd4 Kf7 26. b4 Rc7 27. Qb6 Rfc8 28.
Qxd6 Nh5 29. Bg2 Rc1+ 30. Rd1 1-0

[Event "European Hybrid Qual 2021"]
[Site "Tornelo INT"]
[Date "2021.05.26"]
[Round "2.1"]
[White "Afanasiev, Nikita"]
[Black "Santos Latasa, Jaime"]
[Result "1/2-1/2"]
[WhiteTitle "GM"]
[BlackTitle "GM"]
[WhiteElo "2522"]
[BlackElo "2608"]
[WhiteFideId "24183555"]
[BlackFideId "2293307"]
[EventDate "2021.05.24"]
[EventType "k.o."]

1. Nf3 d5 2. g3 Nf6 3. Bg2 e6 4. O-O Be7 5. c4 O-O 6. b3 b6 7. Bb2 Bb7 8. e3 c5
9. Nc3 Qc8 10. Qe2 Rd8 11. Rfd1 d4 12. exd4 cxd4 13. Nb5 d3 14. Qe3 Nc6 15. Ne5
Nxe5 16. Qxe5 a6 17. Nc3 Bd6 18. Qg5 h6 19. Qh4 Bxg2 20. Kxg2 Qb7+ 21. Kg1 Bc5
22. Qh3 e5 23. Qg2 e4 24. Re1 Re8 25. Na4 Bb4 26. Bxf6 gxf6 27. a3 Bxd2 28. Red1
b5 29. Nc5 Qe7 30. Nxd3 e3 31. fxe3 Qxe3+ 32. Qf2 Qxd3 1/2-1/2

[Event "European Hybrid Qual 2021"]
[Site "Tornelo INT"]
[Date "2021.05.27"]
[Round "2.2"]
[White "Santos Latasa, Jaime"]
[Black "Afanasiev, Nikita"]
[Result "1/2-1/2"]
[WhiteTitle "GM"]
[BlackTitle "GM"]
[WhiteElo "2608"]
[BlackElo "2522"]
[WhiteFideId "2293307"]
[BlackFideId "24183555"]
[EventDate "2021.05.24"]
[EventType "k.o."]

1. c4 e5 2. g3 Nf6 3. Bg2 Bc5 4. Nc3 O-O 5. d3 d6 6. e3 Re8 7. Nge2 c6 8. O-O a5
9. b3 Bb6 10. e4 Bg4 11. h3 Bxe2 12. Nxe2 h6 13. Kh2 d5 14. exd5 cxd5 15. Bb2
Nc6 16. Nc3 Bd4 17. Qb1 Bxc3 18. Bxc3 Qd6 19. a3 Re6 20. b4 b6 21. Qb3 Rd8 22.
Rfe1 d4 23. Bd2 Rde8 24. Rad1 axb4 25. axb4 Nb8 26. Qa4 Nbd7 27. Qb5 g5 28. Qa4
Nf8 29. Qc2 N8d7 30. Rc1 Rc8 31. Ra1 Kg7 32. Ra6 Rce8 33. Ra3 Rc8 34. Qa2 Rce8
35. Ra8 R8e7 36. Rc8 e4 37. dxe4 1/2-1/2

[Event "European Hybrid Qual 2021"]
[Site "Tornelo INT"]
[Date "2021.05.27"]
[Round "2.3"]
[White "Santos Latasa, Jaime"]
[Black "Afanasiev, Nikita"]
[Result "0-1"]
[WhiteTitle "GM"]
[BlackTitle "GM"]
[WhiteElo "2608"]
[BlackElo "2522"]
[WhiteFideId "2293307"]
[BlackFideId "24183555"]
[EventDate "2021.05.24"]
[EventType "k.o."]

1. c4 e6 2. Nf3 g6 3. d4 Bg7 4. Nc3 Ne7 5. h4 h6 6. Bf4 d6 7. Qd2 Nd7 8. O-O-O
b6 9. e4 Bb7 10. Be2 Nf6 11. Bd3 a6 12. Kb1 c5 13. dxc5 dxc5 14. Qe2 Qc8 15. e5
Nd7 16. Be4 Nc6 17. Rd2 Qc7 18. Nd5 exd5 19. cxd5 Na5 20. Bg3 Qd8 21. e6 O-O 22.
exd7 Qxd7 23. Ne5 Qe8 24. f4 Rd8 25. d6 Qe6 26. Rhd1 Rfe8 27. Bxb7 Nxb7 28. Qxa6
Nxd6 29. Qxb6 Bf8 30. Qc6 Qf5+ 31. Ka1 Rc8 32. Qf3 Ne4 33. Rd5 Nf6 34. R5d3 c4
35. Rc3 Ne4 36. Rxc4 Rxc4 37. Nxc4 Bg7 38. Re1 Re6 39. Bh2 Nd2 40. Qa8+ Kh7 41.
Ne5 Qc2 42. Qa5 Rc6 0-1

[Event "European Hybrid Qual 2021"]
[Site "Tornelo INT"]
[Date "2021.05.27"]
[Round "2.4"]
[White "Afanasiev, Nikita"]
[Black "Santos Latasa, Jaime"]
[Result "0-1"]
[WhiteTitle "GM"]
[BlackTitle "GM"]
[WhiteElo "2522"]
[BlackElo "2608"]
[WhiteFideId "24183555"]
[BlackFideId "2293307"]
[EventDate "2021.05.24"]
[EventType "k.o."]

1. d4 Nf6 2. Nf3 g6 3. g3 Bg7 4. Bg2 O-O 5. O-O d6 6. a4 Na6 7. Nc3 c5 8. d5 Nc7
9. e4 Bg4 10. h3 Bxf3 11. Bxf3 Nd7 12. Re1 b6 13. Nb5 a6 14. Nxc7 Qxc7 15. c3 b5
16. Bg5 h6 17. Be3 Rfb8 18. axb5 axb5 19. Qc2 h5 20. Be2 Rxa1 21. Rxa1 b4 22.
Ra4 bxc3 23. bxc3 Qb7 24. Ra2 Bxc3 25. Kg2 Bg7 26. Ra5 Bf6 27. Rb5 Qa7 28. Rxb8+
Qxb8 29. Qa4 Qb7 30. Ba6 Qa7 31. Qc6 Kg7 32. Bb5 Ne5 33. Qa6 Qxa6 34. Bxa6 Nd7
35. Bd2 Bd4 36. Bb5 Nf6 37. Kf3 Nh7 38. Ke2 f5 39. exf5 gxf5 40. Bd7 Nf6 41. Be6
Kg6 42. f3 c4 43. h4 Be5 44. Kf2 Ne8 45. Ba5 c3 46. Ke2 c2 47. Kd2 Bxg3 48. Kxc2
Bxh4 49. Kd3 Bg3 50. Ke2 h4 51. Kf1 h3 52. Bd7 Nf6 53. Bc6 Kf7 54. Bd2 Nh5 55.
Bd7 Bf4 56. Be1 Ng7 57. Kg1 e6 58. dxe6+ Nxe6 59. Bc6 Kf6 60. Bc3+ Be5 61. Be1
Nf4 62. Bb5 Ng6 63. Bf1 h2+ 64. Kg2 d5 65. Ba6 d4 66. Bd2 Nh4+ 67. Kh1 Nxf3 68.
Ba5 Bf4 69. Bb7 Ne5 70. Ba6 d3 71. Bc3 d2 72. Be2 Ke6 73. Bxd2 Bxd2 74. Kxh2 Kd5
75. Kg2 Ke4 76. Ba6 Ke3 77. Bb7 Be1 78. Kf1 Bf2 79. Kg2 Ng6 80. Kf1 f4 81. Kg2
Nh4+ 82. Kh3 Nf3 83. Kg4 Nd2 84. Kf5 Bg3 85. Kg4 Ne4 86. Ba6 f3 87. Kh3 Bc7 88.
Kg4 Nc3 89. Bb7 f2 90. Bg2 Ke2 91. Kf5 Ke1 92. Bh3 Ne2 93. Ke4 Nf4 0-1

[Event "European Hybrid Qual 2021"]
[Site "Tornelo INT"]
[Date "2021.05.27"]
[Round "2.5"]
[White "Afanasiev, Nikita"]
[Black "Santos Latasa, Jaime"]
[Result "1-0"]
[WhiteTitle "GM"]
[BlackTitle "GM"]
[WhiteElo "2522"]
[BlackElo "2608"]
[WhiteFideId "24183555"]
[BlackFideId "2293307"]
[EventDate "2021.05.24"]
[EventType "k.o."]

1. e4 e5 2. Nf3 Nc6 3. d4 exd4 4. Nxd4 Nf6 5. Nxc6 bxc6 6. e5 Qe7 7. Qe2 Nd5 8.
c4 Ba6 9. g3 g6 10. b3 Bg7 11. Bb2 O-O 12. Bg2 Rfe8 13. O-O Bxe5 14. Qxe5 Qxe5
15. Bxe5 Rxe5 16. cxd5 Bxf1 17. Kxf1 cxd5 18. Nc3 c6 19. Bf3 Rae8 20. Rd1 R5e7
21. Na4 Kg7 22. Nc5 Kf6 23. Kg2 Rb8 24. Rd4 Ke5 25. Ra4 Kd6 26. Nd3 Rb7 27. h4
Re8 28. b4 Ra8 29. Nc5 Rbb8 30. Nb3 Rb6 31. a3 Rbb8 32. Be2 Rb7 33. Ra6 Rb6 34.
Ra5 Kc7 35. Nc5 d6 36. Nd3 Kb7 37. Nf4 Re8 38. Kf1 h5 39. b5 Re5 40. bxc6+ Rxc6
41. Bf3 Rc5 42. Rxc5 dxc5 43. Bxd5+ Ka6 44. Bxf7 Kb5 45. Nxg6 Re4 46. Nf4 c4 47.
Ne2 Re5 48. Ke1 c3 49. Bb3 Kb6 50. Kd1 Ra5 51. Nxc3 Rxa3 52. Kc2 Ra5 53. Nd5+
Kc5 54. Nf4 Kd4 55. Bf7 Ke4 56. Bd5+ Kf5 57. Kd3 Ra3+ 58. Kd4 a5 59. Be6+ Kf6
60. Bc4 Rf3 61. Nd3 Kg7 62. Bd5 Rf5 63. Nf4 Kh6 64. Kc5 Re5 65. Kb5 Re2 66. Nxe2 1-0

[Event "European Hybrid Qual 2021"]
[Site "Tornelo INT"]
[Date "2021.05.26"]
[Round "2.1"]
[White "Van Foreest, Lucas"]
[Black "Oparin, Grigoriy"]
[Result "1/2-1/2"]
[WhiteTitle "GM"]
[BlackTitle "GM"]
[WhiteElo "2544"]
[BlackElo "2652"]
[WhiteFideId "1039792"]
[BlackFideId "24125890"]
[EventDate "2021.05.24"]
[EventType "k.o."]

1. e4 c5 2. Nf3 d6 3. Bb5+ Bd7 4. Bxd7+ Nxd7 5. O-O Ngf6 6. Re1 e6 7. c4 Ne5 8.
d3 Nfd7 9. Na3 Be7 10. Nxe5 Nxe5 11. Be3 O-O 12. d4 cxd4 13. Bxd4 a6 14. Rc1 Bf6
15. Qd2 Qe7 16. f4 Nc6 17. Be3 g6 18. c5 d5 19. exd5 exd5 20. Bf2 Qc7 21. b4
Rfe8 22. Rxe8+ Rxe8 23. b5 axb5 24. Nxb5 Qa5 25. Qxa5 Nxa5 26. Rd1 1/2-1/2

[Event "European Hybrid Qual 2021"]
[Site "Tornelo INT"]
[Date "2021.05.27"]
[Round "2.2"]
[White "Oparin, Grigoriy"]
[Black "Van Foreest, Lucas"]
[Result "1/2-1/2"]
[WhiteTitle "GM"]
[BlackTitle "GM"]
[WhiteElo "2652"]
[BlackElo "2544"]
[WhiteFideId "24125890"]
[BlackFideId "1039792"]
[EventDate "2021.05.24"]
[EventType "k.o."]

1. c4 c5 2. Nc3 Nf6 3. Nf3 d5 4. cxd5 Nxd5 5. e3 e6 6. Bb5+ Bd7 7. Be2 Nc6 8.
O-O Be7 9. d4 cxd4 10. Nxd5 exd5 11. Nxd4 O-O 12. Bf3 Bf6 13. Ne2 Qb6 14. Nf4
Ne7 15. Nxd5 Nxd5 16. Bxd5 Bc6 17. e4 Rfd8 18. Qf3 Bxd5 19. exd5 Rd7 20. Rd1
Rad8 21. g3 Qa5 22. Kg2 Rxd5 23. Rxd5 Qxd5 24. Qxd5 Rxd5 25. Be3 Ra5 26. a4 Bxb2
27. Rb1 Be5 28. Rxb7 Rxa4 29. Bxa7 h5 1/2-1/2

[Event "European Hybrid Qual 2021"]
[Site "Tornelo INT"]
[Date "2021.05.27"]
[Round "2.3"]
[White "Oparin, Grigoriy"]
[Black "Van Foreest, Lucas"]
[Result "1-0"]
[WhiteTitle "GM"]
[BlackTitle "GM"]
[WhiteElo "2652"]
[BlackElo "2544"]
[WhiteFideId "24125890"]
[BlackFideId "1039792"]
[EventDate "2021.05.24"]
[EventType "k.o."]

1. d4 Nf6 2. Nf3 c5 3. e3 d5 4. Be2 e6 5. O-O Nc6 6. b3 Bd6 7. Bb2 O-O 8. Nbd2
b6 9. c4 cxd4 10. Nxd4 Nxd4 11. Bxd4 Bb7 12. cxd5 Bxd5 13. Nc4 Bc7 14. Rc1 Qb8
15. g3 b5 16. Bxf6 gxf6 17. Nd2 f5 18. Bf3 Bxf3 19. Nxf3 Qb7 20. Qe2 Rfd8 21.
Nd4 a6 22. Nc6 Rd6 23. Qf3 Kg7 24. Kg2 Bd8 25. Rc2 Bf6 26. Rfc1 Rc8 27. h4 Bb2
28. Nd4 Qxf3+ 29. Nxf3 Rxc2 30. Rxc2 Bf6 31. Kf1 e5 32. Ke2 f4 33. exf4 exf4 34.
gxf4 b4 35. Rc5 Bc3 36. Ra5 Re6+ 37. Kd3 Rd6+ 38. Ke4 Re6+ 39. Ne5 Rh6 40. Nf3
Re6+ 41. Kf5 Rf6+ 42. Kg4 Re6 43. h5 Bf6 44. Ng5 Rc6 45. Ne4 Bc3 46. Rc5 Re6 47.
f3 Bb2 48. Rc7 h6 49. f5 Rb6 50. f4 Ba1 51. Rd7 Rc6 52. Nd6 Rc1 53. Rxf7+ Kg8
54. Ra7 Rg1+ 55. Kf3 Rf1+ 56. Ke4 Re1+ 57. Kd5 Rf1 58. Rxa6 Rxf4 59. Ke6 Rf2 60.
Ra8+ Kh7 61. Ne4 Re2 62. Kd5 Rh2 63. Ra4 Rxh5 64. Ke6 Rh4 65. Rxb4 Rh1 66. a4 h5
67. a5 h4 68. a6 Rc1 69. a7 Rc6+ 70. Kd7 Ra6 71. Ra4 1-0

[Event "European Hybrid Qual 2021"]
[Site "Tornelo INT"]
[Date "2021.05.27"]
[Round "2.4"]
[White "Van Foreest, Lucas"]
[Black "Oparin, Grigoriy"]
[Result "1/2-1/2"]
[WhiteTitle "GM"]
[BlackTitle "GM"]
[WhiteElo "2544"]
[BlackElo "2652"]
[WhiteFideId "1039792"]
[BlackFideId "24125890"]
[EventDate "2021.05.24"]
[EventType "k.o."]

1. e4 e5 2. Nc3 Nc6 3. Bc4 Nf6 4. d3 Na5 5. Bb3 Nxb3 6. axb3 d5 7. Nf3 dxe4 8.
Nxe5 exd3 9. O-O Be7 10. Nxd3 O-O 11. h3 Bf5 12. Qf3 Qc8 13. Re1 Re8 14. Bg5
Bxd3 15. Qxd3 c6 16. Re2 h6 17. Bh4 g5 18. Bg3 Bf8 19. Rxe8 Qxe8 20. Qd4 Bg7 21.
Rxa7 Rd8 22. Qe5 Qd7 23. Qc7 Qxc7 24. Bxc7 Rd2 25. Rxb7 Rxc2 26. Rb6 Nd5 27.
Rb8+ Kh7 28. Bg3 Nxc3 29. bxc3 Rxc3 30. b4 Rc4 31. Rb7 Kg6 32. Rb6 f6 33. Bd6 h5
34. Bc5 g4 35. hxg4 hxg4 36. Kh2 Bh6 37. Rxc6 Bf8 38. Kg3 Bxc5 39. bxc5 Kg5 40.
Rc8 Rc3+ 41. f3 gxf3 42. gxf3 Kf5 43. c6 Rc2 44. Rc7 Rc3 45. Rc8 Rc2 46. Kh4
Rh2+ 47. Kg3 Rc2 1/2-1/2

[Event "European Hybrid Qual 2021"]
[Site "Tornelo INT"]
[Date "2021.05.26"]
[Round "2.1"]
[White "Sokolovsky, Yahli"]
[Black "Petkov, Momchil"]
[Result "0-1"]
[WhiteTitle "FM"]
[BlackTitle "FM"]
[WhiteElo "2431"]
[BlackElo "2426"]
[WhiteFideId "2820242"]
[BlackFideId "2921642"]
[EventDate "2021.05.24"]
[EventType "k.o."]

1. e4 c5 2. Nf3 d6 3. d4 cxd4 4. Nxd4 Nf6 5. Nc3 a6 6. h3 e5 7. Nb3 Be7 8. g4 h6
9. a4 Be6 10. Bg2 Nbd7 11. f4 exf4 12. Bxf4 Ne5 13. Nd5 Nxd5 14. exd5 Bh4+ 15.
Kd2 Bd7 16. Kc1 O-O 17. Nd4 Nc4 18. Qd3 Bg5 19. Rf1 Bxf4+ 20. Rxf4 Qg5 21. Qg3
Rae8 22. Kb1 Re3 23. Qf2 Qe5 24. c3 Rd3 25. Nc6 Bxc6 26. Rxc4 Bxd5 27. Bxd5 Qxd5
28. Rd4 Rxd4 29. Qxd4 Qxd4 30. cxd4 Rc8 31. Ra3 Rc4 32. d5 Rc5 33. Rd3 b5 34.
axb5 axb5 35. Ka2 g6 36. Rd4 Kg7 37. Kb3 f5 38. gxf5 gxf5 39. Kb4 Kf6 40. Ka5
Ke5 41. Rh4 f4 42. Rxh6 Rxd5 0-1

[Event "European Hybrid Qual 2021"]
[Site "Tornelo INT"]
[Date "2021.05.27"]
[Round "2.2"]
[White "Petkov, Momchil"]
[Black "Sokolovsky, Yahli"]
[Result "1/2-1/2"]
[WhiteTitle "FM"]
[BlackTitle "FM"]
[WhiteElo "2426"]
[BlackElo "2431"]
[WhiteFideId "2921642"]
[BlackFideId "2820242"]
[EventDate "2021.05.24"]
[EventType "k.o."]

1. e4 e5 2. Nf3 Nc6 3. Bb5 a6 4. Ba4 Nf6 5. d3 d6 6. c4 Be7 7. Nc3 O-O 8. Bxc6
bxc6 9. d4 exd4 10. Nxd4 Bb7 11. Nf5 Re8 12. O-O Bf8 13. f3 d5 14. Bg5 h6 15.
Bxf6 Qxf6 16. cxd5 cxd5 17. Nxd5 Bxd5 18. Qxd5 Red8 19. Qa5 g6 20. Ng3 Qxb2 21.
Rab1 Qd4+ 22. Kh1 Qd2 23. Qa4 Rab8 24. Rbd1 Qb2 25. Qxa6 Ra8 26. Qe2 Qxe2 27.
Nxe2 Rxd1 28. Rxd1 Rxa2 29. Nf4 c5 30. g3 Rc2 31. Rd8 c4 32. Nd5 Kg7 33. Rc8 Ba3
34. e5 g5 35. Rc7 Kg6 36. Rc6+ Kg7 37. Rc7 Rc1+ 38. Kg2 Kg6 39. Rc6+ Kf5 40.
Rxc4 Kxe5 41. Rxc1 Bxc1 42. Nc3 f5 43. g4 fxg4 1/2-1/2

[Event "European Hybrid Qual 2021"]
[Site "Tornelo INT"]
[Date "2021.05.26"]
[Round "2.1"]
[White "Quparadze, Giga"]
[Black "Rakhmanov, Aleksandr"]
[Result "0-1"]
[WhiteTitle "GM"]
[BlackTitle "GM"]
[WhiteElo "2463"]
[BlackElo "2651"]
[WhiteFideId "13602250"]
[BlackFideId "4173708"]
[EventDate "2021.05.24"]
[EventType "k.o."]

1. e4 e5 2. Nf3 Nf6 3. d4 Nxe4 4. Bd3 d5 5. Nxe5 Nd7 6. Nxd7 Bxd7 7. O-O Be7 8.
c4 Nf6 9. Nc3 dxc4 10. Bxc4 O-O 11. Re1 c5 12. d5 Bd6 13. Bg5 h6 14. Bh4 g5 15.
Bg3 Qc7 16. Qf3 Kg7 17. Ne4 Nxe4 18. Rxe4 Rae8 19. Qc3+ f6 20. Rae1 Rxe4 21.
Rxe4 Re8 22. Qe3 Rxe4 23. Qxe4 f5 24. Bxd6 Qxd6 25. Qe1 b6 26. h3 Kf6 27. Qd1
Qf4 28. b3 Qd4 29. Qh5 Kg7 30. d6 Qa1+ 31. Kh2 Qf6 32. f4 gxf4 33. a4 Qg6 34.
Qf3 Qxd6 35. Qa8 f3+ 36. Kg1 fxg2 37. Qxa7 Kf6 38. Kxg2 f4 39. Kf3 Kg5 40. Ke2
Bxh3 41. Qg7+ Kh4 42. Kf3 h5 43. Qa1 Bg4+ 44. Ke4 Qd2 45. Qg1 f3 46. a5 bxa5 47.
Qxc5 f2 48. Qc7 Qe1+ 49. Kd4 f1=Q 50. Bxf1 Qf2+ 51. Ke4 Qf3+ 52. Kd4 Qxf1 53.
Qxa5 Qf2+ 54. Kc4 Be2+ 0-1